| 000 -ლიდერი |
| ფიქსირებული სიგრძის საკონტროლო ველი |
01822nam a2200277Ia 4500 |
| 001 - საკონტროლო ნომერი |
| საკონტროლო ველი |
19666 |
| 003 - საკონტროლო ნომრის იდენტიფიკატორი |
| საკონტროლო ველი |
GE_BSU |
| 005 - ბოლო ოპერაციის თარიღი და დრო |
| საკონტროლო ველი |
20200316195944.0 |
| 008 - ფიქსირებული სიგრძის მონაცემთა ელემენტები - ზოგადი ინფორმაცია |
| ფიქსირებული სიგრძის საკონტროლო ველი |
181216s2017||||ge |||||||||||||| ||geo|| |
| 040 ## - კატალოგიზაციის წყარო |
| Transcribing agency |
GE_BSU |
| 041 ## - ენის კოდი |
| Language code of text/sound track or separate title |
geo |
| 080 ## - უნივერსალური ათობითი კლასიფიკაციის ინდექსი |
| Universal Decimal Classification number |
27 + 341 რ-90 |
| 245 ## - ცნობა სათაურის შესახებ |
| Title |
რუმინეთის, ბულგარეთის, ავსტრიის, ლატვიის, ლიტვის, ესტონეთის, მოლდავეთის, სომხეთის,აზერბაიჯანის, რუსეთისა და ბელორუსიის კანონმდებლობა : |
| Remainder of title |
რელიგიისა და რწმენის თავისუფლების შესახებ წ. 3 / |
| Statement of responsibility, etc |
მთ. რედ. ზაზა ვაშაყმაძე ; რედ. მერი ლომია ; მთარგ. ზაზა ვაშაყმაძე, არჩილ მეტრეველი და სხვ. |
| 260 ## - გამოქვეყნების, გავრცელების, და სხვა. ცნობები |
| Place of publication, distribution, etc |
თბილისი |
| 260 ## - გამოქვეყნების, გავრცელების, და სხვა. ცნობები |
| Name of publisher, distributor, etc |
რელიგიის საკითხთა სახელმწიფო სააგენტო |
| 260 ## - გამოქვეყნების, გავრცელების, და სხვა. ცნობები |
| Date of publication, distribution, etc |
2017 |
| 300 ## - ფიზიკური აღწერა |
| Extent |
160 გვ. ; |
| Dimensions |
24 სმ. |
| 653 ## - INDEX TERM--UNCONTROLLED |
| Uncontrolled term |
რელიგია |
| 653 ## - INDEX TERM--UNCONTROLLED |
| Uncontrolled term |
სამართალი |
| 700 ## - ADDED ENTRY--PERSONAL NAME |
| Personal name |
ვაშაყმაძე, ზაზა |
| Relator term |
მთავარი რედაქტორი |
| 9 (RLIN) |
7751 |
| 700 ## - ADDED ENTRY--PERSONAL NAME |
| Personal name |
ლომია, მერი |
| Relator term |
რედაქტორი |
| 9 (RLIN) |
59 |
| 700 ## - ADDED ENTRY--PERSONAL NAME |
| Dates associated with a name |
ვაშაყმაძე, ზაზა |
| Relator term |
მთარგმნელი |
| 9 (RLIN) |
58 |
| 700 ## - ADDED ENTRY--PERSONAL NAME |
| Personal name |
მეტრეველი, არჩილ |
| Relator term |
მთარგმნელი |
| 9 (RLIN) |
60 |
| 710 ## - ADDED ENTRY--CORPORATE NAME |
| Corporate name or jurisdiction name as entry element |
რელიგიის საკითხთა სახელმწიფო სააგენტო |
| 9 (RLIN) |
63 |
| 942 ## - ADDED ENTRY ELEMENTS (KOHA) |
| Koha item type |
წიგნი |
| Source of classification or shelving scheme |
|